Statistics for All-Time Calgary Flames

Click here to take the quiz!

General Stats

  • This quiz has been taken 12 times
  • The average score is 6 of 13

Answer Stats

Positions Answer % Correct
1st Line RWIginla
92%
1st Line CNieuwendyk
75%
1st Line DMacInnis
75%
1st Line LWMcDonald
67%
Starting GoalieKiprusoff
58%
Backup GoalieVernon
58%
2nd Line LWGilmour
50%
2nd Line DGiordano
42%
2nd Line CMonahan
25%
CoachCrisp
17%
2nd Line RWFluery
0%
1st Line DRegehr
0%
2nd Line DBouwmeester
0%

Score Distribution

Percentile by Number Answered

Percent of People with Each Score

Your Score History

You have not taken this quiz